1183 1569 1996 1867 1702 1149 1270 1057 1005 1166 1566 1174 1852 1289 1959 1450 1370 1554 1683 1804 1018 1453 1742 1525 1411 1144 1887 1630 1599 1894 1096 1700 1363 1833 1674 1431 1590 1982 1394 1079 1199 1783 1542 1824 1332 1699 1061 1895 1653 1471 1364 1019 1787 1286 1509 1987 1589 1794 1182 1272 1335 1942 1370 1822 1564 1350 1195 1884 1371 1162 1536 1587 1919 1255 1998 1614 1499 1729 1392 1892 1844 1886 1611 1021 1940 1861 1332 1599 1828 1351 1382 1157 1521 1750 1438 1871 1884 1322 1525 BCNSPRNW ULIB Ver.6.0+V

เปลี่ยนเป็นภาษาไทย

Change to English
 แสดงรายละเอียดบรรณานุกรม
  กลับหน้าหลัก

Brief Record : Get Marc (ISO 2709) : E-mail record : QR code < ปิดหน้าต่าง
LEADER : 00000nam 2200000uu 4500
001    13399126785
003     ULIB
008    190306s2561||||th 000 0 tha d
020    ^a9786164073425
060    ^aWS105^bต367^cล.4
245 00 ^aตำราพัฒนาการและพฤติกรรมเด็ก.^nเล่ม 4. /^cสุรีย์ลักษณ์ สุจริตพงศ์ ... [และคนอื่นๆ], บรรณาธิการ
250    ^aพิมพ์ครั้งที่ 1
260    ^aกรุงเทพฯ :^bชมรมพัฒนาการและพฤติกรรมเด็กแห่งประเทศไทย ภาควิชากุมารเวชศาสตร์ คณะแพทยศาสตร์ โรงพยาบาลจุฬาลงกรณ์,^c2561
300    ^a676 หน้า :^bภาพประกอบ ;^c25 ซม.
505 0  ^a^tบทที่ 1 บทบาทของสมองต่อพัฒนาการเด็ก --^tบทที่ 2 การทำหน้าที่บริหารของสมองระดับสูง --^tบทที่ 3 ปัจจัยที่กระทบต่อพัฒนาการเด็ก --^tบทที่ 4 การอบรมเลี้ยงดูบุตรเชิงบวก --^tบทที่ 5 ผลของสื่ออิเล็กทรอนิกส์ผ่านจอต่อเด็ก --^tบทที่ 6 บริการดูแล พัฒนาและจัดการศึกษาสำหรับเด็กปฐมวัยในประเทศไทย --^tบทที่ 7 ความพร้อมในการเรียน --^tบทที่ 8 ระบบการสร้างเสริมสุขภาพเด็กในโรงเรียนแนวใหม่ --^tบทที่ 9 การกำกับดูแลสุขภาพเด็ก --^tบทที่ 10 การเฝ้าระวังติดตามและคัดกรองพัฒนาการเด็ก --^tบทที่ 11 ทักษะการสัมภาษณ์และการให้คำแนะนำพ่อแม่ --^tบทที่ 12 การสัมภาษณ์วัยรุ่นในเวชปฏิบัติ --^tบทที่ 13 การประเมินพฤติกรรมและจิตสังคมของวัยรุ่น --^tบทที่ 14 วัยรุ่นที่มีเพศหลากหลาย --^tบทที่ 15 การจัดการศึกษาสำหรับเด็กป่วยเรื้อรังและเด็กป่วยในโรงพยาบาล --^tบทที่ 16 การส่งเสริมพัฒนาการเด็กตามแนวทาง DIR/ฟลอร์ไทม์ --^tบทที่ 17 กายภาพบำบัดในเด็ก --^tบทที่ 18 กิจกรรมบำบัดในเด็ก --^tบทที่ 19 การทารุณกรรมเด็ก --^tบทที่ 20 การประเมินการเจริญเติบโต --^tบทที่ 21 เด็กเลี้ยงไม่โต --^tบทที่ 22 โรคอ้วนในเด็ก
505 0  ^a^tบทที่ 23 พัฒนาการเด็ก --^tบทที่ 24 การติดตามพัฒนาการทารกเกิดก่อนกำหนด --^tบทที่ 25 เด็กปัญญาเลิศและเด็กถูกเร่งรัด --^tบทที่ 26 ความผิดปกติของพัฒนาการด้านภาษา --^tบทที่ 27 ภาวะสมองพิการ --^tบทที่ 28 ภาวะบกพร่องทางสติปัญญา --^tบทที่ 29 การเรียนรู้บกพร่อง --^tบทที่ 30 ปัญหาการรับประทานอาหารในเด็ก --^tบทที่ 31 การนอนและปัญหาการนอน --^tบทที่ 32 ปัญหาการขับถ่ายในเด็ก --^tบทที่ 33 ปัญหาพฤติกรรมในเด็กปฐมวัย --^tบทที่ 34 กลุ่มอาการออทิซึม --^tบทที่ 35 โรคซนสมาธิสั้น --^tบทที่ 36 พฤติกรรมก้าวร้าว --^tบทที่ 37 การข่มเหงรังแก --^tบทที่ 38 เด็กติดเกม
650  7 ^aพฤติกรรมของเด็ก
650  7 ^aกุมารเวชศาสตร์
650  7 ^aพัฒนาการของเด็ก
700 0  ^aสุรีย์ลักษณ์ สุจริตพงศ์,^eบรรณาธิการ
700 0  ^aรวิวรรณ รุ่งไพรวัลย์,^eบรรณาธิการ
700 0  ^aทิพวรรณ หรรษคุณาชัย,^eบรรณาธิการ
700 0  ^aบานชื่น เบญจสุวรรณเทพ,^eบรรณาธิการ
700 0  ^aอดิศร์สุดา เฟื่องฟู,^eบรรณาธิการ
700 0  ^aจริยา จุฑาภิสิทธิ์,^eบรรณาธิการ
700 0  ^aพัฏ โรจน์มหามงคล,^eบรรณาธิการ
710 1  ^aโรงพยาบาลจุฬาลงกรณ์.^bคณะแพทยศาสตร์.^bภาควิชากุมารเวชศาสตร์.^bชมรมพัฒนาการและพฤติกรรมเด็กแห่งประเทศไทย
856    ^a^zตำราพัฒนาการและพฤติกรรมเด็ก (10047342).pdf (สารบัญหนังสือ)^uhttp://61.19.69.198/ULIB//_fulltext/Content ::/13399134904/20181008171235_4388.pdf
945    ^p700^l0^i27277
945    ^p700^l0^i27276
945    ^p700^l0^i27275
945    ^p700^l0^i27280
945    ^p700^l0^i27284
945    ^p700^l0^i27273
945    ^p700^l0^i27344
945    ^p700^l0^i27274
945    ^p700^l0^i27279
945    ^p700^l0^i27278
945    ^p700^l0^i27283
945    ^p700^l0^i27282
945    ^p700^l0^i27281
945    ^p700^l0^i27272
999    ^aกัณชพร จุลอักษร
รายการนี้ยังไม่มีแท็ก
คุณยังไม่ได้ล็อกอิน คุณสามารถมีกิจกรรมร่วมกับเว็บไซต์ได้ แต่ต้องล็อกอินก่อน ::
  ล็อกอิน

รายการสื่อสารสนเทศ

ลำดับที่ ประเภท เลขเรียก/บาร์โค้ด สถานที่ สถานะ
1. หนังสือสำรอง
หนังสือสำรอง
WS105 ต367 ล.4 ฉ.1 
  Barcode: 27272
ห้องสมุดวิทยาเขตนครสวรรค์
►หนังสือทั่วไป:l:General Books
บนชั้น
2. วิทยาศาสตร์การแพทย์ และสุขภาพ
วิทยาศาสตร์การแพทย์ และสุขภาพ
WS105 ต367 ล.4 ฉ.10 
  Barcode: 27281
ห้องสมุดวิทยาเขตนครสวรรค์
►หนังสือทั่วไป:l:General Books
บนชั้น
3. วิทยาศาสตร์การแพทย์ และสุขภาพ
วิทยาศาสตร์การแพทย์ และสุขภาพ
WS105 ต367 ล.4 ฉ.11 
  Barcode: 27282
ห้องสมุดวิทยาเขตนครสวรรค์
►หนังสือทั่วไป:l:General Books
บนชั้น
4. วิทยาศาสตร์การแพทย์ และสุขภาพ
วิทยาศาสตร์การแพทย์ และสุขภาพ
WS105 ต367 ล.4 ฉ.12 
  Barcode: 27283
ห้องสมุดวิทยาเขตนครสวรรค์
►หนังสือทั่วไป:l:General Books
บนชั้น
5. วิทยาศาสตร์การแพทย์ และสุขภาพ
วิทยาศาสตร์การแพทย์ และสุขภาพ
WS105 ต367 ล.4 ฉ.13 
  Barcode: 27284
ห้องสมุดวิทยาเขตนครสวรรค์
►หนังสือทั่วไป:l:General Books
บนชั้น
6. วิทยาศาสตร์การแพทย์ และสุขภาพ
วิทยาศาสตร์การแพทย์ และสุขภาพ
WS105 ต367 ล.4 ฉ.14 
  Barcode: 27344
ห้องสมุดวิทยาเขตนครสวรรค์
►หนังสือทั่วไป:l:General Books
บนชั้น
7. วิทยาศาสตร์การแพทย์ และสุขภาพ
วิทยาศาสตร์การแพทย์ และสุขภาพ
WS105 ต367 ล.4 ฉ.2 
  Barcode: 27273
ห้องสมุดวิทยาเขตนครสวรรค์
►หนังสือทั่วไป:l:General Books
บนชั้น
8. วิทยาศาสตร์การแพทย์ และสุขภาพ
วิทยาศาสตร์การแพทย์ และสุขภาพ
WS105 ต367 ล.4 ฉ.3 
  Barcode: 27274
ห้องสมุดวิทยาเขตนครสวรรค์
►หนังสือทั่วไป:l:General Books
บนชั้น
9. วิทยาศาสตร์การแพทย์ และสุขภาพ
วิทยาศาสตร์การแพทย์ และสุขภาพ
WS105 ต367 ล.4 ฉ.4 
  Barcode: 27275
ห้องสมุดวิทยาเขตนครสวรรค์
►หนังสือทั่วไป:l:General Books
บนชั้น
10. วิทยาศาสตร์การแพทย์ และสุขภาพ
วิทยาศาสตร์การแพทย์ และสุขภาพ
WS105 ต367 ล.4 ฉ.5 
  Barcode: 27276
ห้องสมุดวิทยาเขตนครสวรรค์
►หนังสือทั่วไป:l:General Books
บนชั้น
11. วิทยาศาสตร์การแพทย์ และสุขภาพ
วิทยาศาสตร์การแพทย์ และสุขภาพ
WS105 ต367 ล.4 ฉ.6 
  Barcode: 27277
ห้องสมุดวิทยาเขตนครสวรรค์
►หนังสือทั่วไป:l:General Books
บนชั้น
12. วิทยาศาสตร์การแพทย์ และสุขภาพ
วิทยาศาสตร์การแพทย์ และสุขภาพ
WS105 ต367 ล.4 ฉ.7 
  Barcode: 27278
ห้องสมุดวิทยาเขตนครสวรรค์
►หนังสือทั่วไป:l:General Books
บนชั้น
13. วิทยาศาสตร์การแพทย์ และสุขภาพ
วิทยาศาสตร์การแพทย์ และสุขภาพ
WS105 ต367 ล.4 ฉ.8 
  Barcode: 27279
ห้องสมุดวิทยาเขตนครสวรรค์
►หนังสือทั่วไป:l:General Books
บนชั้น
14. วิทยาศาสตร์การแพทย์ และสุขภาพ
วิทยาศาสตร์การแพทย์ และสุขภาพ
WS105 ต367 ล.4 ฉ.9 
  Barcode: 27280
ห้องสมุดวิทยาเขตนครสวรรค์
►หนังสือทั่วไป:l:General Books
บนชั้น

รายการใกล้เคียง
    หัวเรื่อง [พฤติกรรมของเด็ก]
    หัวเรื่อง [กุมารเวชศาสตร์]
    หัวเรื่อง [พัฒนาการของเด็ก]

BibComment


ยังไม่เคยถูกคอมเมนท์

คอมเมนท์ทรัพยากรรายการนี้
  คอมเมนท์: ตำราพัฒนาการและพ..


 Copyright 2026. Bcnsprnw @Library